000 01152nam a2200313 c 4500
999 _c188431
_d188431
003 BLK
005 20250318005547.0
008 180411b bul|||||r ||||||| ||bul||
010 _aKNG00197449000
040 _aBLK
041 _aBUL
_cBUL
080 _aБългарска литература
_b821.163.2
_x-94
_z821.163.2-94
100 _aХайтов, Николай Александров
_d1919-2002
_gПисател. Драматург.
_9431013
139 _aХайтов, Николай Александров
_bХ 21
245 1 0 _aДневник
_bКн. 1 -
_cНиколай Александров Хайтов.
_nКн. 2
_p1963 - 1966
257 _aBGR
260 _bБълг. писател
_c1988 -
300 _c21 см
380 _aX
760 1 _aХайтов, Николай Александров
_d1990
_h255 с.
_n19 065 тир.
_tКн. 2 1963 - 1966
852 _aЦб 155499
856 4 _qpdf
_i0.00
_ldisable
856 4 _qpdf
_i0.00
_ldisable
942 _cKNG
_n0
_s1
944 _aCR
_c06.12.2016
_k
_lCRON CRON
944 _aED
_c06.12.2016
_kГрета_Цуфелде
999 _d188431
999 _d188431